000 00484nam a2200157 i 4500
001 83178
003 ES-MaACL
005 20230906174805.0
007 t|
008 041115s1971 sp ||||1| spa d
245 0 0 _aReseña estadística de la provincia de Cuenca /
_cInstituto Nacional de Estadística.
260 _a[Madrid :
_bs.n.,
_c1971]
300 _aX, 199 p. ;
_c27 cm.
710 2 _aInstituto Nacional de Estadística (España)
_95162
852 _aES-MaACL
_jC-41384
_bR.79410
999 _c83178
_d83178